Desde la pedagogía del descubrimiento a la praxis innovadora: reflexiones de los docentes del Plan Común Universidad
Uloženo v:
| Hlavní autor: | |
|---|---|
| Další autoři: | , , , , , , , , |
| Médium: | Kniha |
| Jazyk: | španělština |
| Vydáno: |
Santiago, Chile:
Universidad Católica Silva Henríquez,
2016
|
| Vydání: | Primera edición |
| Témata: | |
| Tagy: |
Přidat tag
Žádné tagy, Buďte první, kdo vytvoří štítek k tomuto záznamu!
|
MARC
| LEADER | 00000cam a2200000 a 4500 | ||
|---|---|---|---|
| 001 | UCC1190 | ||
| 003 | CL-VaPUC | ||
| 005 | 20220822103850.0 | ||
| 008 | 171006e20160000cl |||||||||||||||||spa|d | ||
| 999 | |c 369760 |d 369758 | ||
| 020 | |a 978-956-341-045-7 | ||
| 040 | |c Pontificia Universidad Católica de Valparaíso | ||
| 082 | 0 | 4 | |a 378 BRI 2016 |2 21 |
| 100 | 0 | |a Brito Rodríguez, Sonia |e autora y compiladora |9 595236 | |
| 245 | 1 | 0 | |a Desde la pedagogía del descubrimiento a la praxis innovadora: reflexiones de los docentes del Plan Común Universidad |
| 250 | |a Primera edición | ||
| 260 | |a Santiago, Chile: |b Universidad Católica Silva Henríquez, |c 2016 | ||
| 300 | |a 225 páginas | ||
| 500 | |a C2. Donación Facultad de Teología, libro pertenciente a la Profesora Eugenia Colomer (Q.E.P.D). Correo en papel 01/04/2022 | ||
| 583 | |a last modification |c 20171006 11:09:00 |k Rodrigo Vera | ||
| 650 | 0 | |a Docencia universitaria |9 332645 | |
| 650 | 0 | |a Universidades chilenas |9 407335 | |
| 650 | 0 | |a Formación profesional de profesores |9 307493 | |
| 650 | 0 | |a Educación superior |9 223851 | |
| 700 | |a Nuñez Sotelo, Edita |e autora |9 868700 | ||
| 700 | |a Lizana Muñoz, Verónica |e autora |9 868701 | ||
| 700 | |a Basualto Parra, Lorena |e autora |9 868702 | ||
| 700 | |a Venegas Meza, Ángela |e autora |9 868703 | ||
| 700 | |a Farías Gutiérrez, Mario |e autor |9 868704 | ||
| 700 | |a Cisternas Villacura, Iván |e autor |9 868705 | ||
| 700 | |a Gutiérrez Riquelme, Doris |e autora |9 868706 | ||
| 700 | |a Castillo Ávila, Francisco |e autor |9 868707 | ||
| 700 | |a Muñoz Vallejos, Doris |e autor |9 868708 | ||
| 942 | |c BK |2 ddc | ||
| 945 | |d 20171006 11:09:00 |a dcastane | ||
| 952 | |0 0 |1 0 |3 erb |4 0 |6 378_000000000000000_BRI_2016 |7 0 |8 A |9 485844 |a BIBTEO |b BIBTEO |i 5428963 |o 378 BRI 2016 |p 5428963 |r 2025-01-17 |w 2019-11-24 |y BK |z Catalogado en:20171006 |k ICR | ||
| 952 | |0 0 |1 0 |2 ddc |4 0 |6 378_000000000000000_BRI_2016 |7 0 |8 A |9 582734 |a BIBTEO |b BIBTEO |c GEN |d 2022-04-21 |e Donación |i 5650894 |o 378 BRI 2016 |p 5650894 |r 2025-01-17 |t 2 |w 2022-04-21 |y BK |k ICR | ||